| 000 | 00836cab a2200289 4500 | ||
|---|---|---|---|
| 001 | WB3113-08 | ||
| 008 | 090401t1995 xxu||||| |||| 00| 0 eng d | ||
| 035 | _a(Sirsi) u41037 | ||
| 041 | _aeng | ||
| 245 | _aWarehouse clubs | ||
| 260 | _c1995 | ||
| 350 | _a0 | ||
| 490 |
_aDaily Telegraph _v27 March 1995, 18(1) |
||
| 520 | _aExamines the reasons why warehouse clubs are failing to transform the patterns of British retailing as they had been anticipated to do. | ||
| 650 | _aCARGO CLUBS | ||
| 650 | _aDISCOUNT STORES | ||
| 650 | _aHIGH STREETS | ||
| 650 | _aOUT-OF-TOWN DEVELOPMENTS | ||
| 650 | _aPLANNING POLICY | ||
| 650 | _aRETAILING | ||
| 650 | _aTOWN CENTRES | ||
| 650 | _aTRENDS | ||
| 650 | _aWAREHOUSE CLUBS | ||
| 690 | _aPROPERTY-COMMERCIAL PROPERTY-RETAIL PROPERTY | ||
| 942 | _n0 | ||
| 948 | _c04/03/1997 | ||
| 999 |
_c26337 _d26337 |
||